| 000 | 00458nam a22001697a 4500 | ||
|---|---|---|---|
| 001 | 10072 | ||
| 003 | FISKH | ||
| 005 | 20260403111234.0 | ||
| 008 | 260403b cb ||||| |||| 00| 0 eng d | ||
| 020 | _a9787511039521 | ||
| 040 |
_aFISKH _beng _cFISKH _dFISKH |
||
| 082 | _a398.2 | ||
| 100 | _a(严欢) | ||
| 245 |
_a 小猪的新伙伴 (Little Pig's New Friend ) / _c(严欢) |
||
| 300 |
_a23 pages : _bcolor illustrations ; _c23 cm . |
||
| 942 |
_2ddc _cBOOK _n0 |
||
| 999 |
_c10072 _d10072 |
||